PDC-Dartsgrid DE #3 - Statistiken

Allgemein
  • Dieses Quiz wurde 53 mal gespielt
  • Das Durchschnittsergebnis liegt bei 5 aus 9
Antwortstatistiken
2× Major Sieg PDC-WM-Debüt: WM 23/24 Tourcardholderqualifikant für World-Series of Darts Finals 2023 % Korrekt
(Nord)irische Nationalität Daryl Gurney . .
93%
PDC-World-Youth-Championship-Sieger Dimitri van den Bergh | Michael Smith . .
89%
Luke Littler
84%
PDC-World-Youth-Championship-Runner-Up Nathan Aspinall . .
77%
Berry van Peer | Gian van Veen
52%
William O'Connor
41%
Ricky Evans | Martin Schindler
34%
Dylan Slevin
27%
Keegan Brown
16%
Keine übereinstimmenden Quizze gefunden
Verteilung der Resultate
Anzahl Personen mit jedem Resultat
Perzentil nach korrekt beantworteten Fragen
Ihre Resultats-Entwicklung
Sie haben dieses Quiz noch nicht gespielt